|
|
|
|
| LEADER |
00949cam a2200253 a 4500 |
| 001 |
0000042166 |
| 005 |
19980525090000.0 |
| 040 |
|
|
|a mod
|
| 041 |
|
|
|a eng
|
| 020 |
0 |
0 |
|a 08733205272
|
| 090 |
0 |
0 |
|a 951.050924
|b LIN
|
| 245 |
0 |
4 |
|a The Lin Piao affair
|b power politics and military coup
|c edited by Michael Y. M. Kau
|
| 260 |
0 |
0 |
|a New York
|b Intl. Arts & Sci. Press
|c 1975
|
| 300 |
0 |
0 |
|a lxxvii, 591p.
|c 23cm
|
| 504 |
0 |
0 |
|a Bib:p. 583-591
|
| 600 |
1 |
0 |
|a Lin
|h Piao
|y 1908-1971
|
| 651 |
0 |
0 |
|a China
|x Politics and government
|y 1949-1976
|x Sources
|
| 700 |
1 |
1 |
|a Kau
|h Michael Y.M
|
| 852 |
0 |
0 |
|a 01
|
| 999 |
|
|
|a 0000012731
|b MTAT
|d BOOKS
|e Umum
|f MTAT
|j WEEDED
|q GOOD CONDITION
|
| 999 |
|
|
|a 0000012732
|b MTAT
|d BOOKS
|e Umum
|f MTAT
|j WEEDED
|q GOOD CONDITION
|
| 999 |
|
|
|a 0000012733
|b MTAT
|d BOOKS
|e Umum
|f MTAT
|j WEEDED
|q GOOD CONDITION
|
| 999 |
|
|
|a 0000012734
|b MTAT
|d BOOKS
|e Umum
|f MTAT
|j WEEDED
|q GOOD CONDITION
|
| 999 |
|
|
|a 0045219
|b KEMENTAH
|d BOOKS
|e Rujukan
|f Perpustakaan KEMENTAH
|j AVAILABLE
|q OLD
|